000 00412nam a22001697a 4500
005 20230110143620.0
008 221217b |||||||| |||| 00| 0 eng d
020 _a9781-473-560-4
041 _aeng
082 _a615.42 TUR-S
100 _aTURCO , SALVATORE J.
_97257
245 _aSTERILE DOSAGE FORMS
260 _bWOLTERS KLUWER
300 _a521;P.
650 _aPHARMACY
_xB.PHARMA
_97083
942 _cBK
999 _c8091
_d8089